Korn Songs - Statistics

General Stats
  • This quiz has been taken 680 times
    494 since last reset
  • The average score is 49 of 190
Answer Stats
Album Song % Correct
Korn (1994) Blind
88%
Follow the Leader (1998) Freak on a Leash
86%
Life Is Peachy (1996) Twist
85%
Korn (1994) Daddy
80%
Life Is Peachy (1996) A.D.I.D.A.S
73%
Korn (1994) Clown
73%
Issues (1999) Falling Away from Me
71%
Life Is Peachy (1996) Chi
69%
Follow the Leader (1998) Got the Life
69%
Korn (1994) Shoots and Ladders
66%
Korn (1994) Ball Tongue
65%
Life Is Peachy (1996) K@#*%!
64%
See You on the Other Side (2005) Coming Undone
62%
Follow the Leader (1998) All in the Family (ft. Fred Durst)
61%
Korn (1994) Faget
61%
See You on the Other Side (2005) Twisted Transistor
60%
Life Is Peachy (1996) Good God
56%
Follow the Leader (1998) Children of the Korn (ft. Ice Cube)
55%
Issues (1999) Dead
54%
Follow the Leader (1998) It's On!
54%
Take a Look in the Mirror (2003) Y'All Want a Single
54%
Untouchables (2002) Here to Stay
52%
Korn (1994) Divine
49%
Issues (1999) Make Me Bad
49%
Issues (1999) Somebody Someone
48%
Follow the Leader (1998) Dead Bodies Everywhere
47%
Issues (1999) Trash
47%
Korn (1994) Lies
46%
Life Is Peachy (1996) Mr. Rogers
45%
Korn (1994) Need To
45%
Take a Look in the Mirror (2003) Right Now
45%
Korn (1994) Helmet in the Bush
44%
Issues (1999) Hey Daddy
44%
Follow the Leader (1998) Justin
41%
Korn (1994) Fake
40%
Life Is Peachy (1996) Kill You (Twist Acapella)
40%
Life Is Peachy (1996) Porno Creep
40%
Life Is Peachy (1996) Wicked (ft. Chino Moreno)
40%
Issues (1999) 4 U
39%
Follow the Leader (1998) B.B.K
39%
Life Is Peachy (1996) Lost
39%
Korn (1994) Predictable
39%
Untouchables (2002) Thoughtless
39%
Issues (1999) Wake Up
39%
Life Is Peachy (1996) Lowrider
38%
Untouchables (2002) Alone I Break
37%
Life Is Peachy (1996) Ass Itch
37%
Follow the Leader (1998) Pretty
37%
The Nothing (2019) Cold
36%
See You on the Other Side (2005) Politics
36%
Life Is Peachy (1996) Swallow
36%
Follow the Leader (1998) Seed
35%
Take a Look in the Mirror (2003) Did My Time
34%
Issues (1999) Counting
33%
Follow the Leader (1998) My Gift to You (Earache My Eye)
33%
Issues (1999) Beg for Me
32%
Untitled Album (Korn II) (2007) Evolution
32%
See You on the Other Side (2005) Liar
32%
Follow the Leader (1998) Cameltosis (ft. Tre Hardson)
31%
Issues (1999) Dirty
31%
Issues (1999) Let's Get This Party Started
31%
Life Is Peachy (1996) No Place to Hide
31%
Follow the Leader (1998) Reclaim My Place
29%
The Serenity of Suffering (2016) Rotting in Vain
29%
The Serenity of Suffering (2016) Insane
28%
The Serenity of Suffering (2016) A Different World (ft. Corey Taylor)
27%
The Serenity of Suffering (2016) The Hating
26%
The Path of Totality (2011) Get Up! (ft. Skrillex)
25%
Untouchables (2002) Hollow Life
25%
Korn III: Remember Who You Are (2010) Oildale (Leave Me Alone)
25%
Untouchables (2002) Beat It Upright
24%
Untouchables (2002) Bottled Up Inside
24%
Untouchables (2002) Hating
24%
The Paradigm Shift (2013) Love & Meth
24%
The Nothing (2019) You'll Never Find Me
24%
See You on the Other Side (2005) Hypocrites
23%
The Path of Totality (2011) Narcissistic Cannibal (ft. Skrillex and Kill the Noise)
23%
Untouchables (2002) Wake Up Hate
23%
The Nothing (2019) H@rd3r
22%
Untitled Album (Korn II) (2007) Kiss
22%
See You on the Other Side (2005) Love Song
22%
Issues (1999) No Way
22%
The Nothing (2019) Can You Hear Me
21%
Take a Look in the Mirror (2003) Counting on Me
21%
The Paradigm Shift (2013) Never Never
21%
Untouchables (2002) No One's There
21%
Requiem (2022) Start the Healing
21%
Issues (1999) Wish You Could Be Me
21%
Untitled Album (Korn II) (2007) Bitch We Got A Problem
20%
The Serenity of Suffering (2016) Black Is the Soul
20%
Untouchables (2002) Blame
20%
Untouchables (2002) Embrace
20%
Untouchables (2002) I'm Hiding
20%
Untitled Album (Korn II) (2007) Intro
20%
See You on the Other Side (2005) Tearjerker
20%
Issues (1999) Am I Going Crazy
19%
Untitled Album (Korn II) (2007) Hold On
19%
The Nothing (2019) Idiosyncrasy
19%
Untouchables (2002) One More Time
19%
The Serenity of Suffering (2016) Take Me
19%
Requiem (2022) Forgotten
18%
Issues (1999) It's Gonna Go Away
18%
Untouchables (2002) Make Believe
18%
Take a Look in the Mirror (2003) Play Me (ft. Nas)
18%
Korn III: Remember Who You Are (2010) Pop a Pill
18%
See You on the Other Side (2005) Souvenir
18%
Take a Look in the Mirror (2003) Alive
17%
Take a Look in the Mirror (2003) Break Some Off
17%
Take a Look in the Mirror (2003) Everything I've Known
17%
Requiem (2022) Lost in the Grandeur
17%
The Nothing (2019) This Loss
17%
See You on the Other Side (2005) 10 or a 2-way
16%
The Paradigm Shift (2013) Hater
16%
The Paradigm Shift (2013) Prey for Me
16%
The Nothing (2019) The End Begins
16%
The Nothing (2019) The Ringmaster
16%
Take a Look in the Mirror (2003) When Will This End
16%
Requiem (2022) Worst Is on Its Way
16%
See You on the Other Side (2005) Getting Off
15%
Untitled Album (Korn II) (2007) Hushabye
15%
Untitled Album (Korn II) (2007) Killing
15%
The Nothing (2019) The Darkness Is Revealing
15%
Take a Look in the Mirror (2003) Deep Inside
14%
Requiem (2022) Hopeless and Beaten
14%
Requiem (2022) Let the Dark Do the Rest
14%
Korn III: Remember Who You Are (2010) Let the Guilt Go
14%
Requiem (2022) My Confession
14%
Requiem (2022) Disconnect
13%
The Nothing (2019) Finally Free
13%
The Nothing (2019) Gravity of Discomfort
13%
Take a Look in the Mirror (2003) Here It Comes Again
13%
Untitled Album (Korn II) (2007) Innocent Bystander
13%
Take a Look in the Mirror (2003) Let's Do This Now
13%
Untitled Album (Korn II) (2007) Love and Luxury
13%
See You on the Other Side (2005) Open Up
13%
The Paradigm Shift (2013) Spike in My Veins
13%
Untitled Album (Korn II) (2007) Starting Over
13%
The Nothing (2019) The Seduction of Indulgence
13%
The Paradigm Shift (2013) Lullaby for a Sadist
12%
See You on the Other Side (2005) Throw Me Away
12%
Korn III: Remember Who You Are (2010) Uber-time
12%
See You on the Other Side (2005) For No One
11%
Take a Look in the Mirror (2003) I'm Done
11%
The Path of Totality (2011) My Wall (ft. Excision)
11%
Requiem (2022) Penance to Sorrow
11%
Korn III: Remember Who You Are (2010) People Pleaser
11%
The Serenity of Suffering (2016) Please Come for Me
11%
See You on the Other Side (2005) Seen It All
11%
The Serenity of Suffering (2016) Die Yet Another Night
10%
Untitled Album (Korn II) (2007) Ever Be
10%
The Serenity of Suffering (2016) Everything Falls Apart
10%
The Paradigm Shift (2013) It's All Wrong
10%
Untitled Album (Korn II) (2007) I Will Protect You
10%
Korn III: Remember Who You Are (2010) Lead the Parade
10%
Korn III: Remember Who You Are (2010) Move On
10%
The Paradigm Shift (2013) Paranoid and Aroused
10%
The Paradigm Shift (2013) Punishment Time
10%
The Nothing (2019) Surrender to Failure
10%
The Serenity of Suffering (2016) When You're Not There
10%
Korn III: Remember Who You Are (2010) Are You Ready to Live?
9%
The Serenity of Suffering (2016) Baby
9%
The Path of Totality (2011) Chaos Lives in Everything (ft. Skrillex)
9%
Untitled Album (Korn II) (2007) Do What They Say
9%
Korn III: Remember Who You Are (2010) Fear Is a Place to Live
9%
The Path of Totality (2011) Illuminati (ft. Excision and Downlink)
9%
The Paradigm Shift (2013) Mass Hysteria
9%
Korn III: Remember Who You Are (2010) Never Around
9%
The Serenity of Suffering (2016) Next in Line
9%
Korn III: Remember Who You Are (2010) The Past
9%
Korn III: Remember Who You Are (2010) Trapped Underneath the Stairs
9%
The Paradigm Shift (2013) Victimized
9%
The Path of Totality (2011) Way Too Far (ft. 12th Planet and Flinch)
9%
The Paradigm Shift (2013) What We Do
9%
The Path of Totality (2011) Let's Go (ft. Noisia)
8%
The Path of Totality (2011) Burn the Obedient (ft. Noisia)
7%
The Path of Totality (2011) Kill Mercy Within (ft. Noisia)
7%
The Path of Totality (2011) Bleeding Out (ft. Feed Me)
6%
The Serenity of Suffering (2016) Calling Me Too Soon
6%
The Path of Totality (2011) Fuels the Comedy (ft. Kill the Noise)
6%
Korn III: Remember Who You Are (2010) Holding All These Lies
6%
Untitled Album (Korn II) (2007) Overture or Obituary
6%
The Path of Totality (2011) Sanctuary (ft. Downlink)
6%
Untitled Album (Korn II) (2007) Sing Sorrow
6%
The Paradigm Shift (2013) Tell Me What You Want
6%
The Paradigm Shift (2013) Wish I Wasn't Born Today
6%
The Paradigm Shift (2013) Die Another Day
5%
The Path of Totality (2011) Tension (ft. Excision, Datsik, Downlink and Infected Mushroom)
5%
The Paradigm Shift (2013) The Game Is Over
4%
Requiem (2022) I Can't Feel
2%
The Serenity of Suffering (2016) Out of You
2%
No matching quizzes found
Score Distribution
Percent of People with Each Score
Percentile by Number Answered
Your Score History
You have not taken this quiz since the last reset